Estudio de prefactibilidad para la instalación de una planta para la extracción de Bixina.
Збережено в:
| Автор: | |
|---|---|
| Формат: | Книга |
| Опубліковано: |
San José, Costa Rica
1991
|
| Предмети: | |
| Теги: |
Додати тег
Немає тегів, Будьте першим, хто поставить тег для цього запису!
|
MARC
| LEADER | 00000nam a2200000Ia 4500 | ||
|---|---|---|---|
| 003 | 005129 | ||
| 005 | 20221231144329.0 | ||
| 008 | 140114s1991 cr a m 000 ||s d | ||
| 040 | |c cru CEDI | ||
| 090 | |a TFG 2437 | ||
| 100 | |a Araya Rodríguez, Marvin |9 12838 | ||
| 245 | |a Estudio de prefactibilidad para la instalación de una planta para la extracción de Bixina. | ||
| 260 | |c 1991 |a San José, Costa Rica | ||
| 300 | |a 111 hojas : ilustraciones ; 28 cm. | ||
| 500 | |a Proyecto de graduación(licenciatura en ingeniería química)--Universidad de Costa Rica. Facultad de Ingeniería. Escuela de Ingeniería Química | ||
| 650 | |x BIXINA - INVESTIGACIONES |x SEMILLAS - INDUSTRIA Y COMERCIO |9 12839 | ||
| 942 | |c TFG |2 ddc | ||
| 999 | |c 20268 |d 20268 | ||
